đź“–âś’ Paroles "Le dormeur du val" Arthur Rimbaud - Statistiques

Statistiques générales
  • Ce quiz a Ă©tĂ© pris 1 172 fois
  • Le rĂ©sultat moyen est 72 sur 121
Statistiques - réponses
Mots % Correct
D'
98%
C'
95%
c'
95%
a
93%
de
93%
est
92%
un
92%
Un
92%
l'
91%
trou
89%
il
84%
Il
84%
le
84%
oĂą
81%
une
81%
verdure
81%
au
78%
la
77%
deux
76%
côté
75%
trous
75%
Dort ;
72%
dort.
72%
dort
72%
droit.
72%
rouges
72%
rivière
69%
dans
66%
soldat
64%
val
63%
herbe,
62%
Les
62%
les
62%
des
60%
Et
58%
sa
58%
chante
57%
petit
56%
sur
56%
soleil,
53%
tĂŞte
53%
qui
52%
main
47%
argent ;
46%
pas
46%
froid.
45%
Nature,
45%
poitrine
45%
aux
44%
haillons
44%
jeune,
44%
son
44%
ne
43%
rayons.
43%
bleu,
42%
mousse
42%
vert
42%
sous
41%
berce-
40%
comme
40%
enfant
39%
herbes
39%
nue,
39%
Tranquille.
39%
Luit :
38%
montagne
38%
pieds
38%
étendu
37%
cresson
36%
frais
36%
fait
35%
follement
35%
lumière
35%
somme :
35%
Accrochant
34%
nuque
34%
bouche
33%
chaudement :
33%
glaĂŻeuls,
33%
narine ;
33%
fière,
32%
ouverte,
32%
font
31%
malade,
30%
frissonner
29%
baignant
27%
lit
27%
parfums
26%
Souriant
26%
pleut.
25%
sourirait
25%
Pâle
24%
Aucun quiz correspondant
Distribution des résultats
% des personnes avec chaque résultat
Percentile par nombre de réponses
Votre historique - résultats
Vous n’avez pas pris ce quiz